<?xml version="1.0" encoding="UTF-8"?>
<collection xmlns="http://www.loc.gov/MARC21/slim">
 <record>
  <leader>00691pamaa2200217   4500</leader>
  <controlfield tag="001">0000037237</controlfield>
  <controlfield tag="005">20140919090000.0</controlfield>
  <datafield tag="020" ind1="0" ind2="0">
   <subfield code="a">0618218785 (Hrd) </subfield>
  </datafield>
  <datafield tag="082" ind1=" " ind2=" ">
   <subfield code="a">512.9 LAR 2003</subfield>
  </datafield>
  <datafield tag="090" ind1="0" ind2="0">
   <subfield code="a">QA154.2 </subfield>
   <subfield code="b">LAR 2003</subfield>
  </datafield>
  <datafield tag="100" ind1="1" ind2="0">
   <subfield code="a">Larson </subfield>
  </datafield>
  <datafield tag="245" ind1="1" ind2="0">
   <subfield code="a">Intermediate algebra : </subfield>
   <subfield code="b">graphs and functions  </subfield>
   <subfield code="c">Ron Larson, Robert P. Hostetler, Carolyn F. Neptune.</subfield>
  </datafield>
  <datafield tag="250" ind1="0" ind2="0">
   <subfield code="a">3rd ed.</subfield>
  </datafield>
  <datafield tag="260" ind1="0" ind2="0">
   <subfield code="a">Boston: </subfield>
   <subfield code="b">Houghton Mifflin, </subfield>
   <subfield code="c">2003.</subfield>
  </datafield>
  <datafield tag="300" ind1=" " ind2=" ">
   <subfield code="a">xx, 686p.: </subfield>
   <subfield code="b">col.ill.; </subfield>
   <subfield code="c">27cm.</subfield>
  </datafield>
  <datafield tag="500" ind1="0" ind2="0">
   <subfield code="a">Includes 1 CD-ROM with title &quot; Intermediate Algebra Graphs and Functions &quot;</subfield>
  </datafield>
  <datafield tag="501" ind1="0" ind2="0">
   <subfield code="a">CALUK</subfield>
  </datafield>
  <datafield tag="504" ind1="0" ind2="0">
   <subfield code="a">Includes index</subfield>
  </datafield>
  <datafield tag="650" ind1="0" ind2="0">
   <subfield code="a">Algebra </subfield>
  </datafield>
  <datafield tag="700" ind1="0" ind2="0">
   <subfield code="a">Hostetler, </subfield>
   <subfield code="h">Robert P. </subfield>
  </datafield>
  <datafield tag="700" ind1="0" ind2="0">
   <subfield code="a">Neptune, </subfield>
   <subfield code="h">Carolyn F. </subfield>
  </datafield>
 </record>
</collection>
